Một vài nét về những giá trị bản sắc văn hóa Châu Âu /
Bewaard in:
| Hoofdauteur: | |
|---|---|
| Formaat: | Artikel |
| Taal: | Vietnamese |
| Onderwerpen: | |
| Tags: |
Voeg label toe
Geen labels, Wees de eerste die dit record labelt!
|
| Thư viện lưu trữ: | Thư viện Trường Đại học Đà Lạt |
|---|
| LEADER | 00832nam a2200277 4500 | ||
|---|---|---|---|
| 001 | DLU140165962 | ||
| 005 | ##20141205 | ||
| 040 | # | # | |a DLU |b vie |
| 041 | # | # | |a vie |
| 044 | # | # | |a vn |
| 100 | # | # | |a Vũ Thanh Hà, |c Ths. |
| 245 | # | # | |a Một vài nét về những giá trị bản sắc văn hóa Châu Âu / |c Vũ Thanh Hà. |
| 653 | # | # | |a Bản sắc văn hóa |
| 653 | # | # | |a Châu Âu |
| 653 | # | # | |a Hội nhập văn hóa |
| 653 | # | # | |a Tư tưởng thiên chúa giáo |
| 773 | # | # | |t Tạp chí Nghiên cứu Châu Âu |g Số12(159), 2013, tr. 56-66 |
| 920 | # | # | |a Phòng Tạp chí -- Trung tâm Thông tin - Thư viện Trường Đại học Đà Lạt |
| 994 | # | # | |a DLU |
| 900 | # | # | |a True |
| 911 | # | # | |a Nguyễn Thị Mai Anh |
| 925 | # | # | |a G |
| 926 | # | # | |a A |
| 927 | # | # | |a BB |
| 980 | # | # | |a Thư viện Trường Đại học Đà Lạt |